000 00533nam a2200217Ia 4500
005 20250425161538.0
008 250425s9999 xx 000 0 und d
020 _a9688801763
041 _aspa
082 _a004.6
100 _aTANENBAUM, ANDREW S.
245 0 _aREDES DE ORDENADORES
250 _a2A ED.
260 _aMEXICO
260 _aMéxico
_bPRENTICE-HALL
_c1991
300 _a759
650 _aREDES DE COMPUTADORAS
700 _aVICTOR MANUEL CARBAJAL CASTAÑEDA
_etraductor
942 _c01
010 _a22720
999 _c211340
_d211340